Finney and miller's principles of accounting introductory

Saved in:
Bibliographic Details
Main Author: Johnson, Glenn L.
Format: Book
Language:Undetermined
Published: New Jersey Prentice- Hall, Inc 1980
Subjects:
Tags: Add Tag
No Tags, Be the first to tag this record!
Institutions: Trung tâm Học liệu Trường Đại học Cần Thơ
LEADER 00506nam a2200181Ia 4500
001 CTU_77505
008 210402s9999 xx 000 0 und d
082 |a 657 
082 |b J67 
100 |a Johnson, Glenn L. 
245 0 |a Finney and miller's principles of accounting introductory 
245 0 |c Glenn L. Johnson 
260 |a New Jersey 
260 |b Prentice- Hall, Inc 
260 |c 1980 
650 |a Accounting 
904 |i Trọng Hải 
980 |a Trung tâm Học liệu Trường Đại học Cần Thơ